000 00233nam a2200097Ia 4500
008 190216s9999||||xx |||||||||||||| ||und||
100 _aMathews Varghees
245 0 _aAnnu Shakthiyude Katha
260 _bKerala Basha Inst
942 _cBK
999 _c37620
_d37620